Państwa z którymi graniczyła Polska - Statystyki

Ogólne statystyki
  • Ten quiz został rozwiązany 271 razy
  • Średni wynik to 15 z 27
Statystyki odpowiedzi
państwo które graniczyło lub graniczy z polską % Poprawnych
III rzesza
97%
Niemcy
96%
Rosja
96%
Litwa
94%
Ukraina
92%
Słowacja
89%
Węgry
87%
Białoruś
85%
Łotwa
84%
Austria
80%
Rumunia
78%
Szwecja
76%
Czechosłowacja
68%
ZSRR
66%
Dania
65%
Mołdawia
60%
Turcja
59%
NRD
25%
Ruś Kijowska
18%
Imperium mongolskie
17%
Zakon Krzyżacki
16%
Wolne miasto Gdańsk
13%
Chanat Krymski
7%
Wolne miasto kraków
6%
Księstwo zachodniopomorskie
0%
Święte cesrastwo rzymskie
0%
Związek Wielecki
0%
Nie znaleziono quizów pasujących do podanych kryteriów
Rozkład punktacji
Procent ludzi z każdym wynikiem
Percentyl według liczby udzielonych odpowiedzi
Twoja historia wyników
Nie rozwiązałeś tego quizu